000
00305nam a2200133Ia 4500
100
_a
Apte/ D.G.
942
_c
BK
654
_a
international financial mgt
245
_a
International Financial Mgt
260
_b
Tata Mc Graw hill
_a
New Delhi
_c
1995
300
_a
657
546
_a
ENGLISH
999
_c
29193
_d
29193